ბათუმის შოთა რუსთაველის სახელმწიფო უნივერსიტეტის ბიბლიოთეკა

Математический анализ. (ბიბ.ჩანაწერი № 39075)

000 -LEADER
fixed length control field 00713nam a2200229Ia 4500
001 - CONTROL NUMBER
control field 5634
003 - CONTROL NUMBER IDENTIFIER
control field GE_BSU
008 - FIXED-LENGTH DATA ELEMENTS--GENERAL INFORMATION
fixed length control field 181216s||||||||xx |||||||||||||| ||und||
040 ## - CATALOGING SOURCE
Transcribing agency GE_BSU
080 ## - UNIVERSAL DECIMAL CLASSIFICATION NUMBER
Universal Decimal Classification number 517.2(075.8)
100 ## - MAIN ENTRY--PERSONAL NAME
Personal name Кудрявцев, Л.Д.
245 ## - TITLE STATEMENT
Title Математический анализ.
245 ## - TITLE STATEMENT
Remainder of title Учебник для студ. физических и инженрно-физических специальностей вузов
250 ## - EDITION STATEMENT
Edition statement Т.1
260 ## - PUBLICATION, DISTRIBUTION, ETC.
Place of publication, distribution, etc. Москва
260 ## - PUBLICATION, DISTRIBUTION, ETC.
Name of publisher, distributor, etc. Высшая школа
260 ## - PUBLICATION, DISTRIBUTION, ETC.
Date of publication, distribution, etc. 1970
300 ## - PHYSICAL DESCRIPTION
Extent 588с..22см.
300 ## - PHYSICAL DESCRIPTION
Accompanying material библиогр. с. 71
653 ## - INDEX TERM--UNCONTROLLED
Uncontrolled term Математический анализ.
942 ## - ADDED ENTRY ELEMENTS (KOHA)
Koha item type წიგნი
ეგზემპლარები
Withdrawn status Lost status Damaged status Not for loan Date acquired Barcode Date last seen Price effective from Koha item type
        2018-12-17 16283 2018-12-17 2018-12-17 წიგნი